| 000 | 00704nam a22002177a 4500 | ||
|---|---|---|---|
| 999 |
_c158386 _d158386 |
||
| 005 | 20181029104253.0 | ||
| 010 | _aENG-124390 | ||
| 020 |
_c2750.00 _a9789386515438 |
||
| 035 | _aEN-107922 | ||
| 037 | _bDBAD/PUB | ||
| 082 | _a614.1 | ||
| 100 | _aModi, Jaising P. | ||
| 245 |
_aA textbook of medical jurisprudence and toxicology / _cby Jaising P. Modi; ed. by K Kannan |
||
| 250 | _a26th ed. | ||
| 260 |
_aGurgaon _bLexis Nexis _c2018 |
||
| 270 |
_a14th floor,Building No-10, Tower-B,DLF Cyber City Phase-11 _bGurgaon _e122002 |
||
| 300 |
_acxxxvi,1093p., 418p. _c24cm(Hb) _bill. |
||
| 500 | _aIt includes subject index | ||
| 700 | _aKannan, K | ||
| 942 |
_2ddc _cEN _mMOD _h614.1 |
||